Karaoke pilihan terbaik Jamal Abdillah [

Bibliographic Details
Format: Book
Published: Kuala Lumpur : Serasi Music Sdn Bhd , 2000
Subjects:

MARC

LEADER 00000cam a2200000 7i4500
001 0000041819
005 20020320.0
090 0 0 |a MUZ   |b JAM 
245 0 0 |a Karaoke pilihan terbaik Jamal Abdillah [  |h cd music] 
260 |a Kuala Lumpur :   |b Serasi Music Sdn Bhd ,   |c 2000 
300 |a 1 CD music (55 minutes) :   |b col 
500 |a Library has 3 copies 
650 0 0 |a Karaoke pilihan terbaik Jamal Abdillah 
999 |a AV 01214   |b CD MUSIC   |c PINJAMAN   |e PERPUSTAKAAN KOMUNITI PETALING JAYA 
999 |a AV 01215   |b CD MUSIC   |c PINJAMAN   |e PERPUSTAKAAN KOMUNITI PETALING JAYA 
999 |a AV 03659   |b CD MUSIC   |c PINJAMAN   |e PERPUSTAKAAN KOMUNITI PETALING JAYA